Biggest sources of immigrants to Alaska - Statistics

General Stats
  • This quiz has been taken 41 times
  • The average score is 9 of 10
Answer Stats
Hint Answer % Correct
1,366 China
100%
3,157 Canada
97%
2,489 Mexico
97%
1,287 Russia
90%
2,105 Germany
86%
1,146 Japan
86%
2,653 Korea
86%
16,177 Philippines
86%
1,061 United Kingdom
86%
1,086 Vietnam
79%
No matching quizzes found
Score Distribution
Percent of People with Each Score
Percentile by Number Answered
Your Score History
You have not taken this quiz